NFL Draft 2003 Quarterbacks Drafted - Statistics

General Stats
  • This quiz has been taken 8 times
  • The average score is 4 of 13
Answer Stats
Round Player Team College % Correct
1 Carson Palmer Bengals USC
100%
1 Rex Grossman Bears Florida
88%
1 Byron Leftwich Jaguars Marshall
63%
1 Kyle Boller Ravens California
50%
7 Ken Dorsey 49ers Miami (FL)
25%
4 Seneca Wallace Seahawks Iowa State
25%
6 Brooks Bollinger Jets Wisconsin
13%
3 Chris Simms Buccaneers Texas
13%
5 Brian St. Pierre Steelers Boston College
0%
3 Dave Ragone Texans Louisville
0%
6 Drew Henson Texans Michigan
0%
7 Gibran Hamdan Redskins Indiana
0%
6 Kliff Kingsbury Patriots Texas Tech
0%
No matching quizzes found
Score Distribution
Percent of People with Each Score
Percentile by Number Answered
Your Score History
You have not taken this quiz